000 00580nam a2200181 a 4500
005 20210223120717.0
008 991125s1963 ea 000 0 eng u
035 _aUPN01000005935
049 _aLT
050 4 _aLB1575.5 P7.3
_bM3.2
100 1 _aMazuekiewicz, Albert J.
245 1 0 _aBook 3 :
_bearly-to-read iltla program /
_cAlbert J. Mazuekiewicz and Harold J. Tanyzer.
260 _aNew York :
_bIltla Publications,
_c1963.
300 _a70 p. :
_bil.
650 4 _aPOLACO -
_xESTUDIO Y ENSEƑANZA (ELEMENTAL)
_912475
700 1 _aTanyzer, Harold J.,
_ecoaut.
905 _aLibro
999 _c5935
_d5935